000 00354 a2200169 4500
001 194631
020 _a978-85-08-01151-3
040 _cMagnum
100 _aFrança, Mary
240 1 0 _aPote de melado, O
_lpor
245 1 0 _aPote de melado, O
300 _a16
362 0 _a2000
440 1 _aÁtica
697 _aLITERATURA INFANTIL
942 _cBK
999 _c194631
_d194631